Statistiques concernant Le plus grand ville commençant par Y dans ce pays

Cliquez ici pour prendre le quiz!

Statistiques générales

  • Ce quiz a été pris 88 fois
  • Le résultat moyen est 3 sur 6

Statistiques - réponses

PaysY City% Correct
CamerounYaoundé
92%
Cote d'IvoireYamoussoukro
83%
Royaume-UniYork
72%
JaponYokohama
64%
États-UnisYonkers
10%
ChineYangzhou
6%

Distribution des résultats

Percentile par nombre de réponses

% des personnes avec chaque résultat

Votre développement - résultats

Vous n’avez pas pris ce quiz